Categorised Films: Robert De Niro - Statistics

General Stats
  • This quiz has been taken 30 times
  • The average score is 9 of 14
Answer Stats
Answer % Correct
Taxi Driver
96%
Goodfellas
92%
Casino
88%
The Godfather Part II
88%
Raging Bull
85%
Cape Fear
73%
Mean Streets
73%
The Deer Hunter
69%
The Irishman
69%
The King Of Comedy
58%
New York, New York
54%
Awakenings
46%
Silver Linings Playbook
35%
The Audition
19%
No matching quizzes found
Score Distribution
Percent of People with Each Score
Percentile by Number Answered
Your Score History
You have not taken this quiz